00255nam a2200097Ia 4500008004100000041000800041100001900049245002800068260004200096999001900138231107s1992 xx 000 0 und d aeng aFrank O. Gehry aThe End of Architecture aViennabPrestel, Verlay, Viennac1992 c922463d922463